000
00303nam a22001337a 4500
003
SGT
020
_a
978-93-82006-47-3
082
_a
302.2
_b
SAH
100
_a
SAHAY, MUKUL
245
_a
A TEXTBOOK OF COMMUNICATION MEDIA AND SOCIETY
260
_a
INDIA
_b
APH
_c
2018
300
_a
196
942
_2
ddc
_c
BK
999
_c
22151
_d
22151